| 000 -LEADER |
| fixed length control field |
01347cas a2200397 a 4500 |
| 001 - CONTROL NUMBER |
| control field |
13233756 |
| 005 - DATE AND TIME OF LATEST TRANSACTION |
| control field |
20180227082754.0 |
| 008 - FIXED-LENGTH DATA ELEMENTS--GENERAL INFORMATION |
| fixed length control field |
030611c19889999mduhr 0 0eng c |
| 010 ## - LIBRARY OF CONGRESS CONTROL NUMBER |
| LC control number |
2004201824 |
| Canceled/invalid LC control number |
94187940 |
| -- |
98117835 |
| -- |
00028749 |
| -- |
2002044937 |
| 035 ## - SYSTEM CONTROL NUMBER |
| System control number |
(OCoLC)ocm42442769 |
| 037 ## - SOURCE OF ACQUISITION |
| Source of stock number/acquisition |
National Association of Social Workers, 750 First Street, NE, Suite 700, Washington, DC 20002-4241 |
| 040 ## - CATALOGING SOURCE |
| Original cataloging agency |
XII |
| Language of cataloging |
eng |
| Transcribing agency |
XII |
| Modifying agency |
DLC |
| -- |
IUL |
| -- |
OCLCQ |
| -- |
OCLCF |
| -- |
YDXCP |
| 041 ## - LANGUAGE CODE |
| Language code of text/sound track or separate title |
eng |
| 042 ## - AUTHENTICATION CODE |
| Authentication code |
pcc |
| 043 ## - GEOGRAPHIC AREA CODE |
| Geographic area code |
n-us--- |
| 080 ## - UNIVERSAL DECIMAL CLASSIFICATION NUMBER |
| Universal Decimal Classification number |
316 TER |
| 082 ## - DEWEY DECIMAL CLASSIFICATION NUMBER |
| Edition number |
316 TER |
| 100 ## - Rafti |
| Rafti |
49 |
| 101 ## - Shkurtesa |
| Shkurtesa |
SOC |
| 245 10 - TITLE STATEMENT |
| Title |
Social work speaks : |
| 246 30 - VARYING FORM OF TITLE |
| Title proper/short title |
NASW policy statements |
| 310 ## - CURRENT PUBLICATION FREQUENCY |
| Current publication frequency |
Triennial |
| 362 1# - DATES OF PUBLICATION AND/OR SEQUENTIAL DESIGNATION |
| Dates of publication and/or sequential designation |
Began in 1988? |
| 515 ## - NUMBERING PECULIARITIES NOTE |
| Numbering peculiarities note |
Designated by date, <1988>-1991; by ed. and date, 3rd ed. (1994)- |
| 648 #7 - SUBJECT ADDED ENTRY--CHRONOLOGICAL TERM |
| Chronological term |
Since 1993 |
| Source of heading or term |
fast |
| 906 ## - LOCAL DATA ELEMENT F, LDF (RLIN) |
| a |
7 |
| b |
cbc |
| c |
serials |
| d |
2 |
| e |
ncip |
| f |
20 |
| g |
n-oclcserc |
| 942 ## - ADDED ENTRY ELEMENTS (KOHA) |
| Source of classification or shelving scheme |
|
| Item type |
Books |